[Event "DVM U20 2005"]
[Site "Berlin GER"]
[Date "2005.12.27"]
[Round "1"]
[White "Hennch, Thomas"]
[Black "Neftik, Ilja"]
[Result "0-1"]
[Termination "normal"]
[Board "8.6"]
[WhiteElo "1039"]
[BlackElo "1587"]
[WhiteTeam "SV Puschendorf"]
[BlackTeam "SG Bochum 31"]
[PlyCount "63"]
[WhiteFideId "12978400"]
[EventCountry "GER"]
[EventRounds "7"]
[EventType "team-swiss"]
[EventDate "2005.12.26"]

1. e4 e5 2. Nf3 Nc6 3. Bc4 Bc5 4. b4 Bxb4 5. c3 Ba5 6. O-O Nf6 7. Qc2 Bb6 8.
Bb2 d6 9. d4 O-O 10. Nbd2 Bg4 11. Rfe1 Nd7 12. h3 Bh5 13. Bd5 exd4 14. Nxd4
Nxd4 15. cxd4 c6 16. Bb3 Bg6 17. Ba3 Bxd4 18. Bc4 Bxa1 19. Rxa1 Nf6 20. Re1 Re8
21. Bb2 d5 22. Bd3 dxe4 23. Nxe4 Nxe4 24. Bxe4 f5 25. Qb3+ Bf7 26. Qc3 Qg5 27.
h4 Qh6 28. Rd1 Rxe4 29. Rd6 Re6 30. Rxe6 Bxe6 31. Qb4 Qg6 32. Qc3 0-1

[Event "DVM U20 2005"]
[Site "Berlin GER"]
[Date "2005.12.27"]
[Round "2"]
[White "Buckan, Jens"]
[Black "Hertwig, Christopher"]
[Result "1/2-1/2"]
[Termination "normal"]
[Board "1.4"]
[WhiteElo "2107"]
[BlackElo "1939"]
[WhiteTeam "SV Medizin Erfurt"]
[BlackTeam "SK König Tegel"]
[PlyCount "157"]
[WhiteFideId "4684508"]
[BlackFideId "24614700"]
[EventCountry "GER"]
[EventRounds "7"]
[EventType "team-swiss"]
[EventDate "2005.12.26"]

1. e4 e6 2. d4 d5 3. Nc3 Nf6 4. exd5 Nxd5 5. Nxd5 exd5 6. Bf4 Bd6 7. Qd2 Bxf4
8. Qxf4 Qe7+ 9. Be2 Qb4+ 10. Kf1 Nc6 11. Nf3 Be6 12. Rb1 O-O-O 13. c3 Qd6 14.
Qxd6 Rxd6 15. Ne5 Nxe5 16. dxe5 Rb6 17. Bd3 d4 18. c4 c5 19. f4 g6 20. Kf2 Bf5
21. Rhd1 a5 22. Bxf5+ gxf5 23. Rd3 Kd7 24. Rh3 h5 25. Rg3 Rb4 26. b3 a4 27. Rh3
h4 28. Rb2 Rh6 29. Ke1 Ke7 30. Kd1 b5 31. cxb5 c4 32. Rc2 axb3 33. axb3 c3 34.
Rd3 Rb6 35. Ra2 R6xb5 36. Kc2 Ke6 37. Ra3 Kd5 38. Rh3 Ke4 39. Rxh4 Rc5 40. Rh3
Kxf4 41. Rf3+ Ke4 42. Ra1 Rxe5 43. Raf1 Rb8 44. Rf4+ Kd5 45. Rxf5 Ra8 46. Kd3
Ra2 47. Rxe5+ Kxe5 48. Kc4 Rd2 49. Re1+ Kd6 50. Rc1 c2 51. b4 d3 52. Kc3 Rd1
53. Kb2 d2 54. Rxc2 Rb1+ 55. Kxb1 d1=Q+ 56. Kb2 Qd4+ 57. Kb3 Qd3+ 58. Kb2 Ke5
59. Rc3 Qd2+ 60. Kb3 Qd1+ 61. Ka3 Kd4 62. Rc5 Qd3+ 63. Ka4 Qa6+ 64. Kb3 f5 65.
g3 Qe2 66. Rc2 Qd1 67. Kb2 Qd3 68. Rc5 Qd2+ 69. Kb3 Qxh2 70. Rxf5 Qxg3+ 71. Ka4
Qd3 72. Rc5 Qd1+ 73. Ka5 Qa1+ 74. Kb5 Qa2 75. Kb6 Qa4 76. b5 Qa3 77. Rc6 Kd5
78. Rc7 Qb4 79. Rc6 1/2-1/2

[Event "DVM U20 2005"]
[Site "Berlin GER"]
[Date "2005.12.27"]
[Round "2"]
[White "Laake, Jasmin"]
[Black "Mazarov, Jürgen"]
[Result "0-1"]
[Termination "normal"]
[Board "2.4"]
[WhiteElo "1974"]
[BlackElo "1999"]
[WhiteTeam "HSK-Post SV Hannover"]
[BlackTeam "SG Bochum 31"]
[PlyCount "128"]
[WhiteFideId "4699939"]
[BlackFideId "24617768"]
[EventCountry "GER"]
[EventRounds "7"]
[EventType "team-swiss"]
[EventDate "2005.12.26"]

1. e4 c5 2. Nf3 d6 3. d4 cxd4 4. Nxd4 Nf6 5. Nc3 a6 6. Be3 e6 7. f3 Nbd7 8. g4
b5 9. Qd2 Nb6 10. Qf2 Nfd7 11. O-O-O b4 12. Nc6 Qc7 13. Nxb4 d5 14. Nd3 Bb7 15.
exd5 Nxd5 16. Bd4 Rc8 17. Bg2 Nxc3 18. Bxc3 Bd5 19. Kb1 Qc4 20. Nc1 Nc5 21. Qf1
Na4 22. Qxc4 Rxc4 23. Bd4 h5 24. h3 hxg4 25. hxg4 Rxh1 26. Bxh1 g6 27. Ne2 Rc8
28. f4 Bc4 29. Ng3 Nc5 30. b3 Bb5 31. c4 Bc6 32. Bxc6+ Rxc6 33. Kc2 Bd6 34. Ne2
Nd7 35. Bc3 e5 36. fxe5 Bxe5 37. Bxe5 Nxe5 38. Nd4 Rc5 39. g5 Ng4 40. Re1+ Kd7
41. Nf3 Rf5 42. Rd1+ Kc7 43. Rd3 Nf2 44. Re3 Ng4 45. Rc3 f6 46. gxf6 Rxf6 47.
b4 Nf2 48. b5 Ne4 49. Re3 Nd6 50. Rc3 Ne4 51. Rb3 g5 52. a4 g4 53. Nh4 g3 54.
Re3 Rf4 55. Ng2 Rf2+ 56. Kc1 Rxg2 57. Rxe4 Rf2 58. Kb1 Rf3 59. a5 g2 60. b6+
Kc6 61. Rg4 Rf1+ 62. Kb2 g1=Q 63. Rxg1 Rxg1 64. Kb3 Rb1+ 0-1

[Event "DVM U20 2005"]
[Site "Berlin GER"]
[Date "2005.12.29"]
[Round "5"]
[White "Krämer, Martin"]
[Black "Brener, Ilja"]
[Result "0-1"]
[Termination "normal"]
[Board "1.1"]
[WhiteTitle "FM"]
[BlackTitle "FM"]
[WhiteElo "2389"]
[BlackElo "2334"]
[WhiteTeam "SV Medizin Erfurt"]
[BlackTeam "SV Glück auf Rüdersdorf"]
[PlyCount "82"]
[WhiteFideId "4671910"]
[BlackFideId "4688201"]
[EventCountry "GER"]
[EventRounds "7"]
[EventType "team-swiss"]
[EventDate "2005.12.26"]

1. e4 c5 2. Nf3 Nc6 3. Bb5 g6 4. Bxc6 dxc6 5. h3 Bg7 6. d3 b6 7. Nc3 e5 8. O-O
Ne7 9. Nh2 O-O 10. Qe2 Be6 11. Be3 Qd7 12. Rad1 f5 13. exf5 gxf5 14. f4 exf4
15. Bxf4 Ng6 16. Bg5 f4 17. Qh5 Rae8 18. Ng4 Bxg4 19. hxg4 Bd4+ 20. Kh1 Bxc3
21. bxc3 Re2 22. Bh6 Rf7 23. d4 c4 24. Rde1 Qe7 25. Rxe2 Qxe2 26. Rf3 Qe6 27.
Qg5 Qe7 28. Qxe7 Rxe7 29. Bxf4 Nxf4 30. Rxf4 Re2 31. Rf6 Rxc2 32. Rxc6 Rxc3 33.
Rc8+ Kf7 34. Rc7+ Kg6 35. Rxa7 b5 36. Kg1 Rc2 37. Rb7 Rb2 38. Kf1 c3 39. Rc7 b4
40. Ke1 Rxa2 41. Kd1 Rd2+ 0-1

[Event "DVM U20 2005"]
[Site "Berlin GER"]
[Date "2005.12.29"]
[Round "5"]
[White "Frübing, Stefan"]
[Black "Holzschuh, Stephan"]
[Result "1-0"]
[Termination "normal"]
[Board "1.2"]
[WhiteElo "2233"]
[BlackElo "2257"]
[WhiteTeam "SV Glück auf Rüdersdorf"]
[BlackTeam "SV Medizin Erfurt"]
[PlyCount "73"]
[WhiteFideId "4682165"]
[BlackFideId "4677471"]
[EventCountry "GER"]
[EventRounds "7"]
[EventType "team-swiss"]
[EventDate "2005.12.26"]

1. e4 c5 2. Nf3 e6 3. d4 cxd4 4. Nxd4 Nc6 5. Nc3 Qc7 6. Be2 Nf6 7. O-O a6 8.
Be3 Bb4 9. Na4 b5 10. Nxc6 Qxc6 11. Nb6 Rb8 12. e5 Bb7 13. Bf3 Ne4 14. Qd3 d5
15. exd6 Bxd6 16. c4 Rd8 17. cxb5 axb5 18. Qb1 Bb8 19. Rc1 Qd6 20. Bxe4 Qxh2+
21. Kf1 Qh1+ 22. Ke2 Qh5+ 23. Bf3 Bxf3+ 24. gxf3 f5 25. Rd1 Bd6 26. Qc2 O-O 27.
Rh1 Qf7 28. Rad1 g6 29. f4 g5 30. Rdg1 g4 31. f3 h5 32. fxg4 fxg4 33. Qe4 e5
34. fxe5 Bxe5 35. Rf1 Qg7 36. Rxf8+ Kxf8 37. Rxh5 1-0

[Event "DVM U20 2005"]
[Site "Berlin GER"]
[Date "2005.12.29"]
[Round "5"]
[White "Wehner, Janis"]
[Black "Becker, Nils"]
[Result "1/2-1/2"]
[Termination "normal"]
[Board "1.3"]
[WhiteElo "2237"]
[BlackElo "2122"]
[WhiteTeam "SV Medizin Erfurt"]
[BlackTeam "SV Glück auf Rüdersdorf"]
[PlyCount "51"]
[WhiteFideId "4693299"]
[BlackFideId "4695216"]
[EventCountry "GER"]
[EventRounds "7"]
[EventType "team-swiss"]
[EventDate "2005.12.26"]

1. e4 c5 2. Nf3 d6 3. d4 cxd4 4. Nxd4 Nf6 5. Nc3 g6 6. Nde2 Bg7 7. g3 O-O 8.
Bg2 Nc6 9. O-O Bd7 10. Nd5 Rc8 11. c3 Ne5 12. Bg5 Nxd5 13. exd5 Bb5 14. Rc1 h6
15. Bd2 Nc4 16. Rb1 Qa5 17. a3 Nxd2 18. Qxd2 Bc4 19. Rfe1 Kh7 20. Nf4 Bf6 21.
Be4 Kg7 22. Bxg6 fxg6 23. Qc2 Bxd5 24. Qxg6+ Kh8 25. Rxe7 Bxe7 26. Qxh6+
1/2-1/2

[Event "DVM U20 2005"]
[Site "Berlin GER"]
[Date "2005.12.29"]
[Round "5"]
[White "Rutschke, Bernhard"]
[Black "Buckan, Jens"]
[Result "1/2-1/2"]
[Termination "normal"]
[Board "1.4"]
[WhiteElo "2087"]
[BlackElo "2107"]
[WhiteTeam "SV Glück auf Rüdersdorf"]
[BlackTeam "SV Medizin Erfurt"]
[PlyCount "104"]
[WhiteFideId "24611050"]
[BlackFideId "4684508"]
[EventCountry "GER"]
[EventRounds "7"]
[EventType "team-swiss"]
[EventDate "2005.12.26"]

1. e4 c6 2. d3 d5 3. Nd2 g6 4. g3 Bg7 5. Bg2 e5 6. Ngf3 Ne7 7. O-O O-O 8. Re1
Qc7 9. Qe2 Nd7 10. c3 dxe4 11. dxe4 Nc5 12. Nb3 Ne6 13. Ng5 b6 14. Nxe6 Bxe6
15. f4 Rad8 16. Be3 c5 17. Nd2 Qc8 18. a4 Nc6 19. Nc4 Rfe8 20. Bf2 Qa6 21. Ne3
Qxe2 22. Rxe2 Bb3 23. Ra3 Na5 24. Be1 exf4 25. gxf4 Rd3 26. Bg3 Rxe3 27. Rxe3
Nc4 28. Rxb3 Nxe3 29. Bf3 Rd8 30. Kf2 Nc4 31. Be2 Na5 32. Rb5 Nb7 33. Ke3 Nd6
34. Rb3 Re8 35. Bf3 Bh6 36. h4 Nf5+ 37. Kf2 Nxg3 38. Kxg3 Rd8 39. a5 Rb8 40.
Rb5 Bf8 41. e5 Be7 42. h5 Kf8 43. hxg6 hxg6 44. c4 Ke8 45. Bd5 Bd8 46. axb6
Rxb6 47. Rxb6 Bxb6 48. Kf3 Ba5 49. Ke4 Bd2 50. b3 Ke7 51. Bc6 a5 52. Bb7 Kd7
1/2-1/2

[Event "DVM U20 2005"]
[Site "Berlin GER"]
[Date "2005.12.29"]
[Round "5"]
[White "Gehlhaar, Christian"]
[Black "Werner, Daniel"]
[Result "0-1"]
[Termination "normal"]
[Board "1.5"]
[WhiteElo "2095"]
[BlackElo "2167"]
[WhiteTeam "SV Medizin Erfurt"]
[BlackTeam "SV Glück auf Rüdersdorf"]
[PlyCount "118"]
[WhiteFideId "4663888"]
[BlackFideId "4662814"]
[EventCountry "GER"]
[EventRounds "7"]
[EventType "team-swiss"]
[EventDate "2005.12.26"]

1. e4 c5 2. Nf3 d6 3. Bb5+ Nd7 4. c4 Ngf6 5. Nc3 g6 6. O-O Bg7 7. d4 cxd4 8.
Nxd4 O-O 9. Bxd7 Bxd7 10. Qd3 Rc8 11. b3 Qa5 12. Bb2 Rfe8 13. Nce2 Qc5 14. Ng3
Ng4 15. Rae1 h5 16. h3 Ne5 17. Qe3 Nc6 18. Nxc6 Bxb2 19. Qxc5 dxc5 20. Nxa7 Ra8
21. Re2 Bd4 22. Nb5 Bxb5 23. cxb5 Ra3 24. Rc1 Rea8 25. Rcc2 R8a5 26. Nf1 b6 27.
e5 Kf8 28. g3 Ke8 29. Kg2 Kd7 30. f4 Rxb5 31. Nd2 Ra8 32. Nc4 Rb4 33. Kf3 Kc6
34. Red2 b5 35. Rxd4 bxc4 36. Rdxc4 Rxc4 37. bxc4 Ra3+ 38. Kg2 f6 39. exf6 exf6
40. g4 h4 41. Re2 Kd7 42. Rd2+ Kc6 43. Re2 Kd7 44. f5 g5 45. Re6 Rxa2+ 46. Kf3
Ra3+ 47. Ke4 Rxh3 48. Rxf6 Rg3 49. Kd5 Rxg4 50. Rh6 Rd4+ 51. Kxc5 Rf4 52. Kb5
Rxf5+ 53. c5 Rf3 54. Rh7+ Ke6 55. Kb6 h3 56. c6 Rb3+ 57. Ka7 g4 58. c7 Rc3 59.
Kb7 Kf5 0-1

[Event "DVM U20 2005"]
[Site "Berlin GER"]
[Date "2005.12.29"]
[Round "5"]
[White "Wapenhans, Alexander"]
[Black "Hermann, Ingo"]
[Result "1/2-1/2"]
[Termination "normal"]
[Board "1.6"]
[WhiteElo "1913"]
[BlackElo "2007"]
[WhiteTeam "SV Glück auf Rüdersdorf"]
[BlackTeam "SV Medizin Erfurt"]
[PlyCount "112"]
[WhiteFideId "24622630"]
[BlackFideId "24603716"]
[EventCountry "GER"]
[EventRounds "7"]
[EventType "team-swiss"]
[EventDate "2005.12.26"]

1. e4 e6 2. d4 d5 3. Nc3 Nf6 4. e5 Nfd7 5. f4 c5 6. Nf3 Nc6 7. Be3 cxd4 8. Nxd4
Bc5 9. Qd2 O-O 10. Nce2 a6 11. c3 Nxd4 12. Nxd4 Bxd4 13. Bxd4 f6 14. O-O-O fxe5
15. fxe5 b5 16. Bd3 Bb7 17. Qe3 Qh4 18. h3 Qf4 19. Qxf4 Rxf4 20. Rhf1 Raf8 21.
Kc2 g6 22. Rxf4 Rxf4 23. Rf1 Rxf1 24. Bxf1 Kf7 25. Kb3 Nb8 26. a4 bxa4+ 27.
Kxa4 Nc6 28. b4 Bc8 29. b5 axb5+ 30. Kxb5 Bd7 31. Kb6 Ne7 32. Kc7 Ba4 33. c4 {
(=)} dxc4 34. Bxc4 Bc6 35. g4 Bd5 36. Bxd5 Nxd5+ 37. Kd6 g5 38. Bf2 Nc3 39. Be1
Nd1 40. Bg3 Ne3 41. Bh2 Ng2 42. Bg3 Ne3 43. Bh2 Nf1 44. Bg1 Ng3 45. Bb6 Ne2 46.
Bf2 Nf4 47. h4 Nd3 48. Bg3 gxh4 49. Bxh4 Nb2 50. Bg3 Nc4+ 51. Kd7 Ne3 52. g5
Nf5 53. Bf4 Ng7 54. Bh2 Kg6 55. Ke7 Kf5 56. Kf8 Kg6 1/2-1/2

[Event "DVM U20 2005"]
[Site "Berlin GER"]
[Date "2005.12.29"]
[Round "5"]
[White "Suchin, Dimitry"]
[Black "Mutschnik, Illya"]
[Result "0-1"]
[Termination "normal"]
[Board "2.1"]
[BlackTitle "IM"]
[WhiteElo "2276"]
[BlackElo "2414"]
[WhiteTeam "SK König Tegel"]
[BlackTeam "OSC Baden-Baden"]
[PlyCount "62"]
[WhiteFideId "4671015"]
[BlackFideId "14111080"]
[EventCountry "GER"]
[EventRounds "7"]
[EventType "team-swiss"]
[EventDate "2005.12.26"]

1. d4 Nf6 2. c4 g6 3. Nc3 Bg7 4. e4 d6 5. Be2 O-O 6. Bg5 c5 7. d5 h6 8. Bf4 e6
9. dxe6 Bxe6 10. Bxd6 Re8 11. Nf3 Nc6 12. O-O Qa5 13. Nd2 Nd4 14. Nb3 Qa6 15.
Nxd4 cxd4 16. Nb5 Nxe4 17. c5 Bg4 18. f3 Nxd6 19. cxd6 Bf5 20. Nc7 Qxe2 21.
Qxe2 Rxe2 22. Nxa8 d3 23. Nc7 Bxb2 24. Rab1 Bd4+ 25. Kh1 d2 26. Rbd1 Bc2 27. d7
Bf6 28. Nd5 Bd8 29. Ra1 Kf8 30. Nc3 Re7 31. Ne4 Rxd7 0-1

[Event "DVM U20 2005"]
[Site "Berlin GER"]
[Date "2005.12.29"]
[Round "5"]
[White "Strohhäker, Raoul"]
[Black "Bubolz, Konstantin"]
[Result "1-0"]
[Termination "normal"]
[Board "2.2"]
[WhiteElo "2276"]
[BlackElo "2042"]
[WhiteTeam "OSC Baden-Baden"]
[BlackTeam "SK König Tegel"]
[PlyCount "120"]
[WhiteFideId "4687400"]
[BlackFideId "24610194"]
[EventCountry "GER"]
[EventRounds "7"]
[EventType "team-swiss"]
[EventDate "2005.12.26"]

1. e4 e6 2. d4 d5 3. e5 c5 4. c3 Qb6 5. Nf3 Nc6 6. Be2 Nh6 7. Na3 cxd4 8. cxd4
Bb4+ 9. Kf1 Nf5 10. Nc2 Be7 11. h4 h5 12. Bd3 g6 13. Bxf5 gxf5 14. Bg5 Qxb2 15.
Bxe7 Kxe7 16. Rh3 Bd7 17. Ng5 Qb6 18. Rb3 Qa6+ 19. Kg1 b6 20. Qd2 Rac8 21. Nb4
Qb7 22. Nxc6+ Qxc6 23. Qb4+ Ke8 24. Rbb1 Qc3 25. Qd6 Qc6 26. Qa3 Qa4 27. Qe3
Rc4 28. Rb3 Rxd4 29. Ra3 Rd1+ 30. Rxd1 Qxd1+ 31. Kh2 d4 32. Qg3 Qg4 33. Rxa7
Qxg3+ 34. Kxg3 Ke7 35. Nxf7 Rg8+ 36. Ng5 Rd8 37. Nh7 Rg8+ 38. Kf3 Rg7 39. Nf6
Kd8 40. Ra8+ Kc7 41. Ne8+ Kb7 42. Nxg7 Kxa8 43. Nxh5 Kb7 44. Nf6 Ba4 45. Ke2 f4
46. h5 Bc2 47. h6 Kc6 48. h7 Bxh7 49. Nxh7 Kd5 50. Kd3 Kxe5 51. Ng5 Kd5 52.
Nxe6 Kxe6 53. Kxd4 Kf5 54. Kd5 b5 55. Kc5 Ke4 56. Kxb5 Kd3 57. g4 Ke4 58. a4 f3
59. a5 Kf4 60. a6 Kxg4 1-0

[Event "DVM U20 2005"]
[Site "Berlin GER"]
[Date "2005.12.29"]
[Round "5"]
[White "Jahnz, Fabian"]
[Black "Beck, Frederik"]
[Result "0-1"]
[Termination "normal"]
[Board "2.3"]
[WhiteElo "2166"]
[BlackElo "2214"]
[WhiteTeam "SK König Tegel"]
[BlackTeam "OSC Baden-Baden"]
[PlyCount "58"]
[WhiteFideId "4653300"]
[BlackFideId "4687388"]
[EventCountry "GER"]
[EventRounds "7"]
[EventType "team-swiss"]
[EventDate "2005.12.26"]

1. e4 c5 2. Nf3 e6 3. d4 cxd4 4. Nxd4 Nc6 5. Nc3 Qc7 6. Be3 a6 7. Be2 Nf6 8. a3
Na5 9. O-O d6 10. Qd3 b5 11. f4 Bb7 12. Bf3 Nc4 13. Bc1 Rc8 14. Nde2 Be7 15.
Kh1 O-O 16. b3 Nb6 17. Bb2 Rfd8 18. Rad1 d5 19. exd5 Nbxd5 20. Nxd5 Nxd5 21.
Bxd5 Bxd5 22. Qc3 Qxc3 23. Nxc3 Bb7 24. Rxd8+ Rxd8 25. Rd1 Rxd1+ 26. Nxd1 Be4
27. c4 Bc2 28. cxb5 Bxd1 29. b6 f6 0-1

[Event "DVM U20 2005"]
[Site "Berlin GER"]
[Date "2005.12.29"]
[Round "5"]
[White "Schaaf, Robert"]
[Black "Hertwig, Christopher"]
[Result "1-0"]
[Termination "normal"]
[Board "2.4"]
[WhiteElo "2113"]
[BlackElo "1939"]
[WhiteTeam "OSC Baden-Baden"]
[BlackTeam "SK König Tegel"]
[PlyCount "61"]
[WhiteFideId "4687418"]
[BlackFideId "24614700"]
[EventCountry "GER"]
[EventRounds "7"]
[EventType "team-swiss"]
[EventDate "2005.12.26"]

1. e4 e6 2. d4 d5 3. e5 c5 4. c3 Qb6 5. Nf3 Nc6 6. a3 Bd7 7. b4 cxd4 8. cxd4
Rc8 9. Be3 Nh6 10. Be2 Nf5 11. O-O Be7 12. Qd2 Nxe3 13. fxe3 f6 14. exf6 Bxf6
15. Nc3 O-O 16. Rac1 Be8 17. Na4 Qd8 18. Nc5 Qe7 19. Nd3 Bg6 20. Nf4 Be4 21. h4
Bxh4 22. Nxh4 Qxh4 23. Nxe6 Qg3 24. Bd3 Rxf1+ 25. Bxf1 Re8 26. Nf4 Ne7 27. Bd3
Nf5 28. Bxe4 Rxe4 29. Nxd5 Rh4 30. Nf4 Nxe3 31. Qa2+ 1-0

[Event "DVM U20 2005"]
[Site "Berlin GER"]
[Date "2005.12.29"]
[Round "5"]
[White "Kasper, Andreas"]
[Black "Hauser, Carlos"]
[Result "0-1"]
[Termination "normal"]
[Board "2.5"]
[WhiteElo "1879"]
[BlackElo "2131"]
[WhiteTeam "SK König Tegel"]
[BlackTeam "OSC Baden-Baden"]
[PlyCount "106"]
[BlackFideId "24608238"]
[EventCountry "GER"]
[EventRounds "7"]
[EventType "team-swiss"]
[EventDate "2005.12.26"]

1. Nf3 d5 2. c4 c6 3. b3 Nf6 4. Bb2 Bf5 5. e3 e6 6. Be2 Bd6 7. O-O Nbd7 8. d4
Qc7 9. c5 Be7 10. Nbd2 h6 11. b4 O-O 12. Qb3 Ne4 13. Nxe4 Bxe4 14. Nd2 Bh7 15.
Bd3 Bxd3 16. Qxd3 e5 17. dxe5 Nxe5 18. Bxe5 Qxe5 19. Nf3 Qc7 20. Nd4 Bf6 21.
Rab1 Bxd4 22. Qxd4 Rfe8 23. f3 Re6 24. Rfe1 a6 25. a4 Rae8 26. b5 axb5 27. axb5
Qe5 28. Qxe5 Rxe5 29. bxc6 bxc6 30. Rb6 R8e6 31. Kf2 d4 32. Rb3 Rxc5 33. exd4
Rc2+ 34. Kf1 Rxe1+ 35. Kxe1 Rxg2 36. Rc3 Rxh2 37. Rxc6 Kf8 38. Rc7 g6 39. d5
Rh5 40. d6 Re5+ 41. Kf2 Re8 42. Rc4 Rd8 43. Rd4 Kg7 44. Kg3 Kf6 45. Rh4 h5 46.
Rf4+ Ke6 47. Kh4 Rxd6 48. Kg5 Rd5+ 49. Kh6 Rf5 50. Re4+ Kf6 51. f4 h4 52. Kh7
Rh5+ 53. Kg8 h3 0-1

[Event "DVM U20 2005"]
[Site "Berlin GER"]
[Date "2005.12.29"]
[Round "5"]
[White "Stiefel, Michael"]
[Black "Rath, Oliver"]
[Result "1-0"]
[Termination "normal"]
[Board "2.6"]
[WhiteElo "2057"]
[BlackElo "1900"]
[WhiteTeam "OSC Baden-Baden"]
[BlackTeam "SK König Tegel"]
[PlyCount "147"]
[WhiteFideId "24608556"]
[BlackFideId "24610380"]
[EventCountry "GER"]
[EventRounds "7"]
[EventType "team-swiss"]
[EventDate "2005.12.26"]

1. e4 c5 2. Nf3 Nc6 3. d4 cxd4 4. Nxd4 Nf6 5. Nc3 a6 6. Nxc6 dxc6 7. Qxd8+ Kxd8
8. Bc4 e6 9. Bg5 Be7 10. O-O-O+ Ke8 11. e5 Ng4 12. Bxe7 Kxe7 13. Rhe1 b5 14.
Bf1 Bb7 15. f3 Nh6 16. Ne4 Rad8 17. Nc5 Bc8 18. g3 Nf5 19. c3 Rxd1+ 20. Kxd1
Rd8+ 21. Kc2 Rd5 22. b4 a5 23. a3 axb4 24. axb4 Rd8 25. Bd3 g6 26. Be4 Bd7 27.
Nxd7 Rxd7 28. Bxc6 Rc7 29. Be4 h5 30. Kb3 Kd7 31. Rd1+ Ke7 32. Ra1 Ne3 33. Ra5
Nd1 34. Rxb5 Rxc3+ 35. Ka4 Nb2+ 36. Ka5 Nc4+ 37. Ka6 Ra3+ 38. Kb7 Nd2 39. Rc5
Rb3 40. b5 Nc4 41. Rc7+ Kf8 42. Rxc4 Rxb5+ 43. Kc6 Rxe5 44. Kd6 Ra5 45. Rc5 Ra2
46. Rc2 Ra5 47. Rc5 Ra2 48. Bc2 Kg7 49. Ke5 Ra3 50. Kf4 Ra7 51. g4 hxg4 52.
fxg4 Rd7 53. Be4 Rd2 54. Rc2 Rd4 55. Ke5 Ra4 56. g5 Ra3 57. Kf4 Ra4 58. h4 Ra1
59. Rh2 Rf1+ 60. Ke5 Rg1 61. Rf2 Rg3 62. Rf1 Ra3 63. Kd6 Ra6+ 64. Ke7 Ra7+ 65.
Ke8 Rc7 66. Rf2 Kg8 67. Rc2 Ra7 68. Bc6 Ra6 69. Bd7 Ra7 70. Rf2 Ra8+ 71. Ke7
Ra7 72. Rc2 Kg7 73. Rc8 Ra3 74. Rf8 1-0

[Event "DVM U20 2005"]
[Site "Berlin GER"]
[Date "2005.12.29"]
[Round "5"]
[White "Stellwagen, Robin"]
[Black "Nüsken, Nikolas"]
[Result "1/2-1/2"]
[Termination "normal"]
[Board "3.1"]
[WhiteElo "2167"]
[BlackElo "2302"]
[WhiteTeam "Hamburger SK von 1830"]
[BlackTeam "HSK-Post SV Hannover"]
[PlyCount "69"]
[WhiteFideId "24601918"]
[BlackFideId "24605891"]
[EventCountry "GER"]
[EventRounds "7"]
[EventType "team-swiss"]
[EventDate "2005.12.26"]

1. e4 c5 2. Nf3 e6 3. d4 cxd4 4. Nxd4 a6 5. Nc3 Qc7 6. Be2 Nf6 7. O-O d6 8. f4
Nbd7 9. Bf3 g6 10. Kh1 e5 11. Nb3 exf4 12. Bxf4 Ne5 13. Qd4 Be6 14. Rad1 Rd8
15. Be2 Be7 16. Bh6 Nfd7 17. h3 Bf8 18. Bg5 Be7 19. Bxe7 Kxe7 20. Qe3 Nb6 21.
Qg5+ Ke8 22. Qf6 Rg8 23. Nd4 Qe7 24. Qf2 Nbd7 25. Nxe6 fxe6 26. Qd4 Nb8 27. Na4
Nbc6 28. Qe3 b5 29. Nc3 Qa7 30. Qxa7 Nxa7 31. a4 b4 32. Na2 a5 33. Nc1 Ke7 34.
Nb3 Nac6 35. Bb5 1/2-1/2

[Event "DVM U20 2005"]
[Site "Berlin GER"]
[Date "2005.12.29"]
[Round "5"]
[White "Abel, Dennes"]
[Black "Möller, Hendrik"]
[Result "1-0"]
[Termination "normal"]
[Board "3.2"]
[WhiteElo "2186"]
[BlackElo "2160"]
[WhiteTeam "HSK-Post SV Hannover"]
[BlackTeam "Hamburger SK von 1830"]
[PlyCount "71"]
[WhiteFideId "24605417"]
[BlackFideId "24604917"]
[EventCountry "GER"]
[EventRounds "7"]
[EventType "team-swiss"]
[EventDate "2005.12.26"]

1. e4 e5 2. Nf3 Nc6 3. d4 exd4 4. Nxd4 Bc5 5. Nxc6 Qf6 6. Qd2 dxc6 7. Nc3 Be6
8. Na4 Rd8 9. Bd3 Bd4 10. O-O b5 11. Nc3 Ne7 12. Kh1 b4 13. Ne2 Bxb2 14. Bxb2
Qxb2 15. Rab1 Qd4 16. Qxb4 c5 17. Qa4+ Bd7 18. Qxa7 O-O 19. Qa5 Nc6 20. Qc3 Be6
21. Rb5 Qxc3 22. Nxc3 c4 23. Be2 Rd2 24. Rb2 f5 25. exf5 Rxf5 26. Bg4 Re5 27.
f4 Bxg4 28. fxe5 h6 29. h3 Be6 30. a4 Kh7 31. Ra1 Na5 32. Kg1 Bf5 33. Rd1 Rxc2
34. Rxc2 Bxc2 35. Rd5 Nc6 36. Rc5 1-0

[Event "DVM U20 2005"]
[Site "Berlin GER"]
[Date "2005.12.29"]
[Round "5"]
[White "Schnock, Stefan"]
[Black "Hoffmann, Lukas"]
[Result "0-1"]
[Termination "normal"]
[Board "3.3"]
[WhiteElo "2030"]
[BlackElo "2149"]
[WhiteTeam "Hamburger SK von 1830"]
[BlackTeam "HSK-Post SV Hannover"]
[PlyCount "164"]
[WhiteFideId "4696646"]
[BlackFideId "24614769"]
[EventCountry "GER"]
[EventRounds "7"]
[EventType "team-swiss"]
[EventDate "2005.12.26"]

1. e4 c5 2. Nc3 e6 3. f4 Nc6 4. Nf3 d5 5. Bb5 Nge7 6. Ne5 a6 7. Bxc6+ Nxc6 8.
Nxc6 bxc6 9. Qf3 Be7 10. d3 O-O 11. O-O Rb8 12. b3 f5 13. e5 Qa5 14. Na4 Qc7
15. Ba3 Qa7 16. Qf2 d4 17. Bc1 Bd7 18. Nb2 Be8 19. Bd2 Qd7 20. Nc4 Bh5 21. a4
Kh8 22. h3 Rf7 23. Kh2 Rg8 24. Rg1 g5 25. g3 Qd5 26. Raf1 Rfg7 27. Be1 g4 28.
Qe2 Be8 29. h4 Rg6 30. a5 Rh6 31. Nb6 Qd8 32. Kg2 Rh5 33. Rh1 Rh6 34. Bf2 c4
35. Rfg1 c5 36. Kf1 Bc6 37. Rh2 c3 38. Qd1 Qc7 39. Nc4 Rb8 40. Qa1 Rg6 41. Be1
h5 42. Bxc3 dxc3 43. Qxc3 Kh7 44. Ke1 Bd5 45. Nb6 Qc6 46. Rd2 Rgg8 47. Kd1 Rgd8
48. Kc1 Qb5 49. Kb2 Qb4 50. Ra1 Bc6 51. Rdd1 Qxc3+ 52. Kxc3 Re8 53. Nc4 Red8
54. Nb6 Rb7 55. Rd2 Rd4 56. Kb2 Bf3 57. Nc4 Rd8 58. Nb6 Kg7 59. Ra4 Bc6 60. Ra1
Kf7 61. Nc4 Bd5 62. Nb6 Kf8 63. Kc3 Rdb8 64. Ra4 Bd8 65. Nc4 Bxc4 66. dxc4 Be7
67. Ra1 Rd8 68. Rad1 Rxd2 69. Rxd2 Ke8 70. Kb2 Rd7 71. Rg2 Rd1 72. c3 Kd7 73.
Ka2 Kc6 74. Ka3 Rd3 75. Kb2 Bd8 76. Kc2 Rd7 77. b4 Rb7 78. Kb3 cxb4 79. cxb4
Bxa5 80. Ra2 Rxb4+ 81. Kc3 Ra4+ 82. Kb2 Rxa2+ 0-1